Guess the Taylor Swift song with no hint 105 - Statistics

General Stats
  • This quiz has been taken 1,086 times
  • The average score is 248 of 310
Answer Stats
Answer % Correct
I
100%
i
100%
a
98%
you
98%
You
98%
(you
98%
the
97%
me?
95%
me
95%
and
93%
And
93%
to
93%
We
93%
we
93%
in
92%
my
92%
your
92%
(when
91%
it
91%
when
91%
are
90%
on
90%
be
89%
go
88%
wear
87%
I'm
86%
i'm
86%
so
86%
that
85%
you're
85%
at
84%
hear
84%
of
84%
why
84%
can
83%
If
83%
if
83%
not
83%
what
83%
But
82%
but
82%
But
82%
just
82%
was
82%
All
81%
did
81%
have
81%
too
81%
with
81%
how
80%
know
80%
Look
80%
want
80%
As
79%
for
79%
this
78%
with
78%
can't
77%
'Cause
75%
didn't
75%
night
75%
ricochet
75%
tears
75%
home
74%
up
74%
would
74%
day
73%
name
73%
never
73%
still
73%
gave
72%
had
72%
I'd
72%
loved
72%
anywhere
71%
Anywhere
71%
same
71%
Cursing
70%
cursing
70%
dead
70%
grace
70%
miss
70%
myself
70%
sleep
70%
stayed
70%
tell
70%
will
70%
you'll
70%
here
69%
wake?
69%
wishing
69%
worst
69%
Even
68%
made
68%
talk
68%
make
67%
Some
67%
some
67%
babe
66%
kill
66%
sky)
66%
blood
65%
deserve
65%
heart
65%
out
65%
screaming
65%
dying
64%
fire
64%
hell
64%
brave
63%
killed
63%
ashes
62%
fight
62%
hero
62%
stolen
62%
'Til
62%
used
62%
around
61%
fears
61%
into
61%
ring
61%
swear
61%
bones
60%
diamond
60%
face
60%
gather
60%
mean
60%
saving
60%
haunt
59%
jewels
59%
lullabies)
59%
room
59%
they'll
59%
scene
58%
bury
57%
sink
57%
throw
57%
flying
56%
ghostly
56%
knowing
56%
line
56%
stones
56%
turned
56%
battleships
55%
beneath
55%
waves
55%
drunk
54%
good
54%
sunlit
52%
tossing
49%
aim
48%
years
48%
pain
46%
blame
45%
Weepin'
43%
Crossing
31%
No matching quizzes found
Score Distribution
Percent of People with Each Score
Percentile by Number Answered
Your Score History
You have not taken this quiz